| 000 | 00770nam a2200193 i 4500 | ||
|---|---|---|---|
| 001 | 74981 | ||
| 003 | ES-MaACL | ||
| 005 | 20230906172315.0 | ||
| 007 | t| | ||
| 008 | 040921s1945 sp ||||1| spa d | ||
| 100 | 1 |
_aGonzalo, Justo. _959054 |
|
| 245 | 1 | 0 |
_aInvestigaciones sobre la nueva dinámica cerebral _b: la actividad cerebral en función de las condiciones dinámicas de la excitabilidad nerviosa / _cpor Justo Gonzalo. |
| 260 |
_aMadrid : _bConsejo Superior de Investigaciones Científicas, _c1945. |
||
| 300 |
_aXVI, 392 p. ; _c24 cm. |
||
| 500 | _aPrecede al tít.: Consejo Superior de Investigaciones Científicas. Instituto Ramón y Cajal. | ||
| 650 | 4 |
_aCerebro- _xFisiología. _910904 |
|
| 710 | 2 |
_aInstituto Cajal. _9172571 |
|
| 852 |
_aES-MaACL _jE-3317 |
||
| 999 |
_c74981 _d74981 |
||